Hacia unos estudios culturales latinoamericanos: algunas notas sobre el impacto en la enseñanza /
Gardado en:
| Autor Principal: | |
|---|---|
| Formato: | Texto |
| Materias: | |
| Etiquetas: |
Engadir etiqueta
Sen Etiquetas, Sexa o primeiro en etiquetar este rexistro!
|
MARC
| LEADER | 00000 a a2200000 04500 | ||
|---|---|---|---|
| 001 | 14877 | ||
| 003 | |||
| 040 | |||
| 100 | |a Martínez San Miguel, Yolanda | ||
| 245 | |a Hacia unos estudios culturales latinoamericanos: algunas notas sobre el impacto en la enseñanza / |c Yolanda Martínez San Miguel | ||
| 650 | |a EDUCACION | ||
| 650 | |a INVESTIGACION | ||
| 650 | |a CULTURA | ||
| 650 | |a VALORES | ||
| 650 | |a CIENCIAS SOCIALES | ||
| 773 | |g número 5; páginas 113-135 | ||
| 999 | |c 39586 |d 39586 | ||
